Loading...
| Mythology | 0 | 7 | 0 | 1 | 70 | 52 | 81.43 | 2 | 5 | 18.91 | 43.21 |
| History - Other | 0 | 5 | 0 | 0 | 50 | 57 | 72.80 | 1 | 3 | 17.10 | 31.96 |
| Science - Physics | 0 | 5 | 0 | 1 | 50 | 28 | 49.20 | 2 | 4 | 26.80 | 37.50 |
| History - European | 0 | 4 | 0 | 0 | 40 | 32 | 64.50 | 2 | 3 | 8.49 | 17.11 |
| Literature - British | 0 | 3 | 0 | 0 | 30 | 76 | 86.00 | 0 | 0 | 5.62 | 9.17 |
| Science - Biology | 0 | 3 | 0 | 2 | 30 | 59 | 67.67 | 0 | 2 | 10.26 | 16.43 |
| Fine Arts - Classical Music | 0 | 2 | 0 | 0 | 20 | 92 | 93.50 | 1 | 1 | 5.07 | 11.07 |
| Literature - World | 0 | 2 | 0 | 1 | 20 | 82 | 98.00 | 0 | 1 | 3.44 | 10.00 |
| Social Science | 0 | 1 | 0 | 0 | 10 | 68 | 68.00 | 0 | 0 | 4.77 | 3.13 |
| Fine Arts - Other | 0 | 1 | 0 | 0 | 10 | 20 | 20.00 | 1 | 1 | 8.25 | 10.00 |
| Geography | 0 | 1 | 0 | 0 | 10 | 66 | 66.00 | 0 | 0 | 8.91 | 7.50 |
| Literature - American | 0 | 1 | 0 | 0 | 10 | 59 | 59.00 | 1 | 1 | 10.00 | 20.00 |
| Popular Culture | 0 | 1 | 0 | 1 | 10 | 92 | 92.00 | 0 | 0 | 3.27 | 2.50 |
| Religion | 0 | 1 | 0 | 0 | 10 | 76 | 76.00 | 0 | 0 | 4.45 | 6.25 |
| Science - Other | 0 | 2 | 2 | 0 | 10 | 54 | 63.00 | 0 | 2 | 8.28 | 11.25 |
| Current Events | 0 | 1 | 0 | 1 | 10 | 109 | 109.00 | 0 | 0 | 0.00 | 3.57 |
| Philosophy | 0 | 1 | 1 | 0 | 5 | 65 | 65.00 | 0 | 0 | 4.61 | 6.25 |
| Literature - European | 0 | 1 | 1 | 0 | 5 | 75 | 75.00 | 1 | 1 | 3.53 | 10.00 |
| Science - Chemistry | 0 | 0 | 1 | 0 | -5 | 0.00 | 0 | 0 | 0.00 | 0.00 | |
| Fine Arts - Painting and Sculpture | 0 | 0 | 1 | 0 | -5 | 0.00 | 0 | 0 | 0.00 | 0.00 |